La lanzadera espacial / (Registro nro. 9101)

Detalles MARC
000 -LIDER
fixed length control field 00915nam a22003137a 4500
001 - NÚMERO DE CONTROL
Identificador de número de control 0074
003 - IDENTIFICACDOR DE NÚMERO DE CONTROL
control field DO-SdBNP
005 - DATE AND TIME OF LATEST TRANSACTION
control field 20161201134605.0
007 - CAMPOS FIJOS DE DESCRIPCIÓN FÍSICA
fixed length control field 0074
008 - ELEMENTOS DE LONGITUD FIJA
fixed length control field 151210b sp 1984 xxu||||| |||| 00| 0 spa d
020 ## - ISBN
International Standard Book Number 8426705278
040 ## - FUENTE DE CATALOGACIÓN
Agencia que crea de manera original el registro BPMSU
Idioma de catalogación spa
Agencia que realiza la transcripción BPMSU
082 ## - NÚMERO DE CLASIFICACIÓN DECIMAL DE DEWEY
Classification number 629
Item number H392L
100 10 - ASIENTO PRINCIPAL -- NOMBRE PERSONAL
Nombre personal Hawkes, Nigel
240 1# - TITULO UNIFORME
Título uniforme Space shuttle
Idioma de una obra Español
245 13 - MENCIÓN DE TITULO
Título La lanzadera espacial /
Mención de responsabilidad Nigel Hawkes ; traducción Juan Godo Costa
260 0# - PUBLICACIÓN, DISTRIBUCIÓN, ETC. (PIE DE IMPRENTA)
Lugar de publicación, distribución, etc Barcelona :
Nombre del editor, distribuidor, etc. Marcombo,
Fecha de publicación, distribución, etc 1984.
300 ## - DESCRIPCIÓN FÍSICA
Extensión 37 p. :
Otros detalles físicos il.,
Dimensiones 30 cm.
490 1# - MENCIÓN DE SERIES
Mención de serie Biblioteca técnica juvenil
520 ## - RESUMEN, ETC.
Nota de resumen, etc. Incluye índice alfabético
650 #4 - ENCABEZAMIENTO DE MATERIA--TEMÁTICO
Término temático o nombre geográfico como elemento de entrada VUELO ESPACIAL TRIPULADO
650 #4 - ENCABEZAMIENTO DE MATERIA--TEMÁTICO
Término temático o nombre geográfico como elemento de entrada NAVES ESPACIALES
650 #4 - ENCABEZAMIENTO DE MATERIA--TEMÁTICO
Término temático o nombre geográfico como elemento de entrada COHETES (AERONÁUTICA)
700 12 - ASIENTO SECUNDARIO -- NOMBRE PERSONAL
Nombre personal Godo Costa, Juan
Mención de responsabilidad trad.
830 00 - ASIENTO SECUNDARIO DE SERIE--TÍTULO UNIFORME
Título uniforme Biblioteca técnica juvenil
910 ## - VALIDACIÓN
Validación Validado. Control de calidad MFF
942 ## - ADDED ENTRY ELEMENTS (KOHA)
Source of classification or shelving scheme Dewey Decimal Classification
Koha item type Libros
956 ## - LOCAL ELECTRONIC LOCATION AND ACCESS (OCLC)
Nombre de host Brenda Tavárez
Existencias
Withdrawn status Lost status Source of classification or shelving scheme Damaged status Not for loan Collection code Home library Current library Date acquired Source of acquisition Total Checkouts Full call number Barcode Date last seen Price effective from Koha item type Copy number
    Dewey Decimal Classification     Colección Juvenil General Biblioteca Pública Metropolitana Salomé Ureña Biblioteca Pública Metropolitana Salomé Ureña 12/10/2015 Donación   629 H392L BPMSU15120138 12/10/2015 12/10/2015 Libros  
    Dewey Decimal Classification     Colección Juvenil General Biblioteca Pública Metropolitana Salomé Ureña Biblioteca Pública Metropolitana Salomé Ureña 12/10/2015 Donación   629 H392L BPMSU15120139 12/10/2015 12/10/2015 Libros ej. 2